| 000 | 00381nam a2200133 a 4500 | ||
|---|---|---|---|
| 005 | 20140414093844.0 | ||
| 008 | 090924s19uu xx 00 eng d | ||
| 050 |
_aDVD _bDAY(1&2) 2008 |
||
| 100 | _aYoung, Nic | ||
| 245 |
_aDays that shook the World : _bthe complete series two disc 1 & 2 / _cNic Young, et. al. |
||
| 650 | _aDocumentary films. | ||
| 942 | _cAVM | ||
| 999 |
_c109504 _d109504 |
||